000
00329nam a22001457a 4500
008
221117b ||||| |||| 00| 0 eng d
020
_a
9780393264142
041
_a
eng
080
_2
preliminary edition
_a
579
082
_a
579 FOS
100
_a
17
101
_a
MICRO
245
_a
MICROBIOLOGY
_c
FOSTER W.J
942
_2
udc
_c
BK
999
_c
58933
_d
58933